| 000 | 00871nam a2200241 a 4500 | ||
|---|---|---|---|
| 005 | 20090706144922.0 | ||
| 008 | 840418s1984 nyua 001 0 eng | ||
| 010 | _aENG-94330 | ||
| 020 |
_a8178001462 _c225.00 |
||
| 035 | _aEN-77863 | ||
| 037 | _bDBAD / PUB | ||
| 040 |
_adpl _bEnglish |
||
| 082 | _a621.317 | ||
| 100 | _aRao, P.V. | ||
| 245 |
_aPower semiconductor drives / _cby P.V. Rao |
||
| 260 |
_aHyderabad _bBS Publishing _c2007 |
||
| 270 |
_a4-4-309 Giriraj Lane, Sultan Bazar, _bHyderabad _e5000095 |
||
| 300 |
_axiv, 311 p. _c25cm(pbk) |
||
| 650 | _aElectric driving. | ||
| 650 | _aPower semiconductors. | ||
| 942 |
_2ddc _cEN _h621.317 _mRAO |
||
| 999 |
_c28076 _d28076 |
||